Statistiken für Berühmte Sehenswürdigkeiten in Nahaufnahme

Klicken Sie hier um das Quiz zu spielen!

Allgemein

  • Dieses Quiz wurde 950 mal gespielt
  • Das Durchschnittsergebnis liegt bei 10 aus 16

Antwortstatistiken

Antwort% Korrekt
Eiffelturm, Paris
99%
Freiheitsstatue, New York
99%
Pyramiden von Gizeh, Ägypten
98%
Big Ben, London
96%
Colosseum, Rom
95%
Stonehenge, Vereinigtes Königreich
82%
Schiefer Turm, Pisa
80%
Taj Mahal, Indien
76%
Christusstatue, Rio de Janeiro
68%
Machu Picchu, Peru
61%
Petra, Jordanien
37%
Basilius-Kathedrale, Roter Platz, Moskau
36%
Sagrada Familia, Barcelona
31%
Hagia Sophia, Istanbul
25%
Angkor Wat, Kambodscha
17%
Alhambra, Granada
9%

Verteilung der Resultate

Perzentil nach korrekt beantworteten Fragen

Anzahl Personen mit jedem Resultat

Ihre Resultats-Entwicklung

Sie haben dieses Quiz noch nicht gespielt